[Event "Moscow 07"]
[Site "Moscow"]
[Date "2009.07.21"]
[Round "8"]
[White "Glotov, Mikhail"]
[Black "Logashov, Sergey Y"]
[Result "1-0"]
[WhiteElo "2363"]
[BlackElo "2325"]
[PlyCount "67"]
[EventDate "2009.07.13"]
[EventType "tourn"]
[EventRounds "11"]
[EventCountry "RUS"]
[EventCategory "7"]
[SourceTitle "CBM 131 Extra"]
[Source "ChessBase"]
[SourceDate "2009.09.03"]
[SourceVersion "2"]
[SourceVersionDate "2009.09.16"]
[SourceQuality "1"]

1. d4 Nf6 2. c4 g6 3. Nc3 Bg7 4. e4 d6 5. Nf3 0-0 6. Be2 c5 7. 0-0 Nc6 8. d5 Na5 9. a3 Bg4 10. Be3 Bxf3 11. gxf3 e5 12. b4 cxb4 13. axb4 Nxc4 14. Bxc4 Qc7 15. Qd3 Rac8 16. Nb5 Qxc4 17. Qxc4 Rxc4 18. Rxa7 Rxb4 19. Nxd6 Rb8 20. Rc1 Bf8 21. Nc8 Ne8 22. Nb6 Nd6 23. Kg2 f5 24. Nd7 Rd8 25. Bc5 Rb5 26. Nxf8 Kxf8 27. f4 Ke8 28. Bxd6 Rxd6 29. fxe5 Rd7 30. e6 Rd6 31. Rc8+ Ke7 32. Rc7+ Kd8 33. Rxh7 fxe4 34. Ra8# 1-0

[Event "Moscow 07"]
[Site "Moscow"]
[Date "2009.07.18"]
[Round "6"]
[White "Kurumanov, Petr A"]
[Black "Logashov, Sergey Y"]
[Result "1-0"]
[WhiteElo "2249"]
[BlackElo "2325"]
[PlyCount "69"]
[EventDate "2009.07.13"]
[EventType "tourn"]
[EventRounds "11"]
[EventCountry "RUS"]
[EventCategory "7"]
[SourceTitle "CBM 131 Extra"]
[Source "ChessBase"]
[SourceDate "2009.09.03"]
[SourceVersion "2"]
[SourceVersionDate "2009.09.16"]
[SourceQuality "1"]

1. e4 d5 2. exd5 Qxd5 3. Nc3 Qd6 4. d4 Nf6 5. Nf3 g6 6. g3 Bg7 7. Bg2 Qa6 8. Bf4 c6 9. Qd2 0-0 10. Ne5 Rd8 11. Bf1 b5 12. Bg2 Nh5 13. 0-0 Bf5 14. Rfe1 Qb6 15. Rad1 f6 16. Nf3 Nxf4 17. Qxf4 Re8 18. d5 Bxc2 19. Rd2 g5 20. Qg4 Bg6 21. Nd4 b4 22. Na4 Qa5 23. dxc6 Na6 24. c7 Nxc7 25. Bxa8 Nxa8 26. Qd7 Bf8 27. Ne6 Nb6 28. Nxb6 axb6 29. b3 Bf7 30. Rde2 Qa6 31. f4 h6 32. Nxf8 Rxf8 33. fxg5 hxg5 34. Rf2 Qa5 35. Rxe7 1-0

[Event "Moscow 07"]
[Site "Moscow"]
[Date "2009.07.15"]
[Round "3"]
[White "Volkov, Sergey"]
[Black "Logashov, Sergey Y"]
[Result "1-0"]
[WhiteElo "2607"]
[BlackElo "2325"]
[PlyCount "103"]
[EventDate "2009.07.13"]
[EventType "tourn"]
[EventRounds "11"]
[EventCountry "RUS"]
[EventCategory "7"]
[SourceTitle "CBM 131 Extra"]
[Source "ChessBase"]
[SourceDate "2009.09.03"]
[SourceVersion "2"]
[SourceVersionDate "2009.09.16"]
[SourceQuality "1"]

1. e4 e5 2. Nf3 d6 3. d4 Nf6 4. Nc3 Nbd7 5. Bc4 Be7 6. 0-0 0-0 7. Re1 c6 8. a4 b6 9. d5 cxd5 10. Nxd5 Bb7 11. b3 Rc8 12. Re2 Nxd5 13. Bxd5 Bxd5 14. Qxd5 Nf6 15. Qd1 d5 16. exd5 Qxd5 17. Qxd5 Nxd5 18. c4 Nc3 19. Re3 e4 20. Bb2 Bc5 21. Nd2 Bxe3 22. fxe3 Rcd8 23. Bxc3 Rd3 24. Rc1 f5 25. Nf1 f4 26. exf4 Rxf4 27. Ne3 Rf7 28. Nd5 h6 29. b4 Kh7 30. Re1 Rf5 31. Rxe4 Rfxd5 32. cxd5 Rxc3 33. a5 bxa5 34. bxa5 Kg6 35. Re7 a6 36. Re6+ Kf5 37. Rxa6 Ra3 38. h3 Ke5 39. d6 Ke6 40. Kh2 g5 41. d7+ Kxd7 42. Rxh6 Rxa5 43. Kg3 Ke7 44. Kg4 Kf7 45. Rb6 Rc5 46. g3 Kg7 47. Kh5 Kf7 48. Rb3 Rf5 49. Kh6 Rc5 50. Rb7+ Kf8 51. Rg7 Rc6+ 52. Rg6 1-0